Central Library OPAC University of Rajshahi

Manual of commercial English, including composition and précis writing / (Record no. 43582)

MARC details
000 -LEADER
fixed length control field 00817nam a2200253 a 4500
001 - CONTROL NUMBER
control field 43582
003 - CONTROL NUMBER IDENTIFIER
rucl marc code BD-RjUL
005 - DATE AND TIME OF LATEST TRANSACTION
control field 20211209053723.0
008 - FIXED-LENGTH DATA ELEMENTS--GENERAL INFORMATION
fixed length control field 160625s1951 enka 001 0 eng
035 ## - SYSTEM CONTROL NUMBER
System control number (BD-RjUL)43700
040 ## - CATALOGING SOURCE
Original cataloging agency DLC
Transcribing agency CarP
Modifying agency DLC
-- BD-RjUL
Language of cataloging eng
041 ## - LANGUAGE CODE
Language code of text/sound track or separate title eng
082 ## - DEWEY DECIMAL CLASSIFICATION NUMBER
Classification number 651.74
Author mark and year SHM 1951
100 10 - MAIN ENTRY--PERSONAL NAME
Personal name Shawcross, Walter
9 (RLIN) 133896
245 10 - TITLE STATEMENT
Title Manual of commercial English, including composition and précis writing /
Statement of responsibility, etc. by Walter Shawcross
260 ## - PUBLICATION, DISTRIBUTION, ETC. (IMPRINT)
Place of publication, distribution, etc. London :
Name of publisher, distributor, etc. Sir I. Pitman & sons,
Date of publication, distribution, etc. 1951
300 ## - PHYSICAL DESCRIPTION
Pagination vi, 266 p. :
Size 20 cm.
Illustrations ill. ;
500 ## - GENERAL NOTE
General note Includes index
650 #0 - SUBJECT ADDED ENTRY--TOPICAL TERM
Topical term or geographic name as entry element Commercial correspondence.
9 (RLIN) 133897
Topical term or geographic name as entry element English language
General subdivision Business English.
9 (RLIN) 119759
Topical term or geographic name as entry element Reports
General subdivision Preparation. [from old catalog]
9 (RLIN) 133898
942 ## - ADDED ENTRY ELEMENTS (KOHA)
Source of classification or shelving scheme Dewey Decimal Classification
Koha item type Books
Holdings
Lost status Source of classification or shelving scheme Damaged status Not for loan Collection code Permanent Location Current Location Shelving location Date acquired Source of acquisition Total Checkouts Full call number Date last seen Copy number Koha item type
  Dewey Decimal Classification     Non-fiction Central Library, University of Rajshahi Central Library, University of Rajshahi     Shawkat osman, dhaka   651.74 SHM 1951 25/06/2016 C-2 Books